ห้องสมุดวิทยาลัยพยาบาลบรมราชชนนี ตรัง
Boromarajonani College Of Nursing,Trang Library
เปลี่ยนเป็นภาษาไทย

Change to English
 แสดงรายละเอียดบรรณานุกรม
  กลับหน้าหลัก

Brief Record : Get Marc (ISO 2709) : E-mail record : QR code ปิดหน้าต่าง
หนังสือใหม่ : เกี่ยวกับ Collections
LEADER 00000nam 2200000uu 4500
001    13399123896
003     BCNT
008    260629s||||||||th 000 0 tha d
020    ^a9786164263710
050  4 WQ 610 ร276ก 2568
060 0  WQ 610 ร276ก 2568
100 0  ระวีวรรณ พิไลยเกียรติ.
245 1   ^aการพยาบาลสตรีตั้งครรภ์ที่เป็นเบาหวาน Nursing Care of Pregnant Women with Diabetes Mellitus /^cระวีวรรณ พิไลยเกียรติ.
246 3   ^aNursing care of pregnant women with diabetes mellitus.
250    ^aพิมพ์ครั้งที่ 1.
260    ^aพิษณุโลก :^bมหาวิทยาลัยนเรศวร,^c2568.
300    ^a250 หน้า ;^c26 ซม
650  4 ^aการตั้งครรภ์.
999    ^aparamin
รายการนี้ยังไม่มีแท็ก
คุณยังไม่ได้ล็อกอิน คุณสามารถมีกิจกรรมร่วมกับเว็บไซต์ได้ แต่ต้องล็อกอินก่อน ::
  ล็อกอิน
ลำดับที่ ประเภท เลขเรียก สถานที่ สถานะ
1. หนังสือ
หนังสือ
WQ 610 ร276ก 2568 c.1 
  
ห้องสมุดสาขาหลัก
►ระบบ NLM
On Shelf
2. หนังสือ
หนังสือ
WQ 610 ร276ก 2568 c.2 
  
ห้องสมุดสาขาหลัก
►ระบบ NLM
On Shelf
3. หนังสือ
หนังสือ
WQ 610 ร276ก 2568 c.3 
  
ห้องสมุดสาขาหลัก
►ระบบ NLM
On Shelf
4. หนังสือ
หนังสือ
WQ 610 ร276ก 2568 c.4 
  
ห้องสมุดสาขาหลัก
►ระบบ NLM
On Shelf
5. หนังสือ
หนังสือ
WQ 610 ร276ก 2568 c.5 
  
ห้องสมุดสาขาหลัก
►ระบบ NLM
On Shelf
   [แสดง 5/5 รายการ]

รายการใกล้เคียง
    หัวเรื่อง [การตั้งครรภ์.]

BibComment


ยังไม่เคยถูกคอมเมนท์

คอมเมนท์ทรัพยากรรายการนี้
  คอมเมนท์: การพยาบาลสตรีตั..
Bib 13399123896

 
 
 

 Union Library Management : ULibM
Copyright 2026. All Rights Reserved.